[Event "Fajr op 20th"]
[Site "Tabriz"]
[Date "2012.01.17"]
[Round "8"]
[White "Asgari, Morteza"]
[Black "Nikbin, Saeed"]
[Result "1-0"]
[WhiteElo "2263"]
[BlackElo "2065"]
[PlyCount "78"]
[EventDate "2012.01.12"]
[EventType "swiss"]
[EventRounds "11"]
[EventCountry "IRI"]
[SourceTitle "CBM 146 Extra"]
[Source "ChessBase"]
[SourceDate "2012.02.29"]
[SourceVersion "1"]
[SourceVersionDate "2012.02.29"]
[SourceQuality "1"]

1. e4 e5 2. Nf3 Nc6 3. Bb5 a6 4. Ba4 Nf6 5. 0-0 Be7 6. Re1 b5 7. Bb3 0-0 8. h3 d6 9. c3 Na5 10. Bc2 c5 11. d4 Qc7 12. Nbd2 Re8 13. b3 Bb7 14. d5 Nd7 15. Nf1 Nf8 16. Ng3 Bc8 17. Nf5 Bd8 18. Bd2 Bxf5 19. exf5 f6 20. Be4 Qf7 21. g4 c4 22. b4 Nb7 23. a4 Bb6 24. a5 Bd8 25. h4 Re7 26. Kh2 Rd7 27. Be3 Rc8 28. Rg1 Kh8 29. Rg3 Qe8 30. Qe2 Ra8 31. Rag1 Rc8 32. Kh3 Ra8 33. Nh2 Rc8 34. g5 Ra8 35. g6 hxg6 36. fxg6 Re7 37. Qh5+ Kg8 38. Ng4 Bc7 39. Bh6 Rd8 1-0